| 000 | 00871nam a2200181Ia 4500 | ||
|---|---|---|---|
| 008 | 100921s9999 xx 000 0 und d | ||
| 082 |
_b28731 _a923.2 थ 96 |
||
| 100 | _aप्रधान ग.प्र.संपा कुलकर्णी रंगनाथ. | ||
| 245 | _aपंडित जवाहरलाल नेहरू. | ||
| 260 |
_bपुरूषोत्तम प्रकाशन,मुंबई. _c1996 |
||
| 300 |
_a86 _bपुरूषोत्तम प्रकाशन,कुर्ला |
||
| 365 | _b40 | ||
| 520 | _aचरित्रे-राजकारणी व्यिक्त. | ||
| 630 | _aपंडित जवाहरलाल नेहरू. | ||
| 650 | _aचरित्रे-राजकारणी व्यिक्त. | ||
| 730 | _aपंडित जवाहरलाल नेहरू. | ||
| 942 | _cBOOK | ||
| 999 |
_c777844 _d777841 |
||